Mastering financial calculations: A step-by-step guide to the mathematics of financial maket instruments
Enregistré dans:
| Auteur principal: | |
|---|---|
| Format: | Livre |
| Langue: | Undetermined |
| Publié: |
London
Prentice Hall
1998
|
| Sujets: | |
| Tags: |
Ajouter un tag
Pas de tags, Soyez le premier à ajouter un tag!
|
| Thư viện lưu trữ: | Trung tâm Học liệu Trường Đại học Cần Thơ |
|---|
| LEADER | 00570nam a2200205Ia 4500 | ||
|---|---|---|---|
| 001 | CTU_74914 | ||
| 008 | 210402s9999 xx 000 0 und d | ||
| 020 | |b 679000 | ||
| 082 | |a 332 | ||
| 082 | |b S822 | ||
| 100 | |a Robert Steiner | ||
| 245 | 0 | |a Mastering financial calculations: | |
| 245 | 2 | |b A step-by-step guide to the mathematics of financial maket instruments | |
| 245 | 0 | |c Robert Steiner | |
| 260 | |a London | ||
| 260 | |b Prentice Hall | ||
| 260 | |c 1998 | ||
| 650 | |a fiance | ||
| 904 | |i Tuyến | ||
| 980 | |a Trung tâm Học liệu Trường Đại học Cần Thơ | ||